Lupo Astolfo salva le api /
Allarme nel bosco dei pini argentati! L'ape Regina è stata rapita e, con l'inverno alle porte, l'alveare è in pericolo. Per fortuna in zona vive Lupo Astolfo, un tipo speciale che ama il profumo dei fiori e si nutre di more, fragole, lamponi e qualche bacca. Astolfo chiama a raccolta i suoi amici e...
I tiakina i:
| Kaituhi matua: | |
|---|---|
| Ētahi atu kaituhi: | |
| Hōputu: | Pukapuka |
| Reo: | Itāriana |
| I whakaputaina: |
Roma :
Gallucci,
2023
|
| Rangatū: | Libri illustrati
|
| Ngā Tūtohu: |
Kāore He Tūtohu, Me noho koe te mea tuatahi ki te tūtohu i tēnei pūkete!
|
MARC
| LEADER | 00000nam a22000007i 4500 | ||
|---|---|---|---|
| 001 | IT\ICCU\LZ1\0008609 | ||
| 003 | ItRI | ||
| 005 | 20260115232211.0 | ||
| 008 | 230522s2023 it |||||| ||||| |||||c | ||
| 020 | |a 9791222100128 | ||
| 040 | |b ita |c importazione bologna sebina | ||
| 041 | 7 | |a ita |2 ISO-639-2 | |
| 100 | 1 | |a Lorenzoni, Chiara |0 IT\ICCU\MODV\643429 |4 aut | |
| 240 | 1 | 0 | |a Lupo Astolfo salva le api |3 IT\ICCU\MOD\1759516 |9 Lorenzoni, Chiara |
| 245 | 1 | 0 | |a Lupo Astolfo salva le api / |c Chiara Lorenzoni ; disegni di Francesca Dafne Vignaga. |
| 260 | |a Roma : |b Gallucci, |c 2023 | ||
| 300 | |a 1 volume (senza paginazione) : |b ill. ; |c 31 cm | ||
| 520 | |a Allarme nel bosco dei pini argentati! L'ape Regina è stata rapita e, con l'inverno alle porte, l'alveare è in pericolo. Per fortuna in zona vive Lupo Astolfo, un tipo speciale che ama il profumo dei fiori e si nutre di more, fragole, lamponi e qualche bacca. Astolfo chiama a raccolta i suoi amici e insieme, con coraggio e astuzia, riusciranno a dare una lezione a Ugo Nasofino, il cacciatore che voleva il miele tutto per sé. Età di lettura: da 4 anni. | ||
| 700 | 1 | |a Vignaga, Francesca |0 IT\ICCU\TSAV\427351 | |
| 790 | 1 | |a Vignaga, Francesca Dafne |3 IT\ICCU\SBNV\103960 |z Vignaga, Francesca | |
| 830 | 0 | |a Libri illustrati |0 IT\ICCU\UBO\4320743 | |
| 942 | |2 ddc |c BK |n 0 | ||
| 952 | |0 0 |1 0 |4 0 |6 R_853_920000000000000_LOR |7 0 |9 21856 |a BO |b BO |d 2026-01-15 |i 20475 |l 0 |o R 853.92 LOR |p BO20475 |r 2026-01-15 23:22:11 |w 2026-01-15 |x [Sebina 5] [1 v.] |y BK |z 1 v. | ||
| 999 | |c 18679 |d 18679 | ||